| 000 | 00717nam a22002177a 4500 | ||
|---|---|---|---|
| 005 | 20250723143654.0 | ||
| 008 | 250723b |||||||| |||| 00| 0 eng d | ||
| 020 | _a978-964-372-672-0 (hbk) | ||
| 037 | _cTB | ||
| 040 |
_aCRL _cCRL |
||
| 041 |
_2PER _aPER |
||
| 084 |
_aΔ73y7D41 164Q5 _bCRL |
||
| 100 |
_aKadkani, Mohammad Raza Shafie _9816331 |
||
| 245 |
_aMeras Irfan Iran: _bdarvesh satehindh |
||
| 260 |
_aTehran, Iran: _bSukhan pubishers, _c2015. |
||
| 300 | _a584p. | ||
| 365 |
_b2400.00 _cINR |
||
| 650 | _aMysticism | ||
| 942 |
_2CC _cTB _hΔ73y7D41 164Q5 _n0 |
||
| 999 |
_c1434208 _d1434208 |
||